Promising latex timber clones of Hevea brasiliensis evolved by ortet selection from a large estate (Record no. 65936)

MARC details
000 -LEADER
fixed length control field 00547nam a2200133Ia 4500
100 ## - MAIN ENTRY--AUTHOR NAME
Personal name Mercykutty V C
245 #0 - TITLE STATEMENT
Title Promising latex timber clones of Hevea brasiliensis evolved by ortet selection from a large estate
260 ## - PUBLICATION, DISTRIBUTION, ETC. (IMPRINT)
Name of publisher IRC 2012. International Rubber Conference, 28-31 October 2012, Kovalam, India, Rubber Research Institute of India, Kottayam and IRRDB, Malaysia: Abstracts. pp.62-63.
650 ## - SUBJECT ADDED ENTRY--TOPICAL TERM
Topical Term Latex timber clones
700 ## - ADDED ENTRY--PERSONAL NAME
Personal name Meenakumari T
700 ## - ADDED ENTRY--PERSONAL NAME
Personal name Mydin K K
942 ## - ADDED ENTRY ELEMENTS (KOHA)
Koha item type Journals
Holdings
Withdrawn status Lost status Damaged status Not for loan Home library Current library Shelving location Date acquired Koha item type
      Journals RRII Library RRII Library Crop imporvement 15/03/2013 Journals